[Event "Scarborough CC Falling Leaves"]
[Site "Toronto CAN"]
[Date "2018.11.29"]
[Round "5.6"]
[White "Tavana, Joseph"]
[Black "Noor Ali, Aahil"]
[Result "1-0"]
[WhiteElo "1718"]
[BlackElo "2025"]
[PlyCount "131"]
[EventDate "2018.11.01"]
[EventType "swiss"]
[EventRounds "7"]
[EventCountry "CAN"]

1. c4 e5 2. g3 Nc6 3. Bg2 Nf6 4. Nc3 Bc5 5. d3 h6 6. Nf3 d6 7. O-O Be6 8. Nd2
Qd7 9. Nd5 Bxd5 10. cxd5 Ne7 11. Qb3 O-O 12. Ne4 Nxe4 13. dxe4 Bb6 14. a4 a6
15. a5 Bc5 16. Be3 Bxe3 17. Qxe3 Qb5 18. Qd2 c6 19. dxc6 Nxc6 20. e3 b6 21.
axb6 Rab8 22. Rfc1 Rxb6 23. Bf1 Qb4 24. Qxb4 Nxb4 25. Rc7 f5 26. exf5 Rxf5 27.
Ra7 Rf7 28. Ra8+ Rf8 29. Ra7 Rf6 30. e4 Kh7 31. Rc1 Nc6 32. Rxa6 Rxa6 33. Bxa6
Nd4 34. Kg2 Rf8 35. Rc8 Rf6 36. b4 Nb3 37. Bc4 Nd2 38. Bd5 Nf3 39. b5 Ne1+ 40.
Kf1 Nd3 41. Ke2 Nc5 42. b6 Kg6 43. b7 Nxb7 44. Bxb7 h5 45. h4 Rf7 46. Bd5 Ra7
47. Rc6 Rd7 48. Kd3 Kf6 49. Rb6 Ra7 50. Rb7 Ra3+ 51. Kd2 g5 52. Rf7+ Kg6 53.
Rd7 Ra6 54. Rc7 gxh4 55. gxh4 Ra3 56. Rc3 Ra1 57. Rg3+ Kh6 58. Be6 Rh1 59. Bf5
Rxh4 60. Rg6+ Kh7 61. Rg4+ Kh6 62. Rxh4 Kg5 63. Rh1 d5 64. exd5 Kxf5 65. Rxh5+
Kf6 66. Ke3 1-0

[Event "Scarborough CC Falling Leaves"]
[Site "Toronto CAN"]
[Date "2018.12.06"]
[Round "6.1"]
[White "Southam, David"]
[Black "Gao, Raymond"]
[Result "0-1"]
[WhiteElo "2130"]
[BlackElo "1921"]
[PlyCount "126"]
[EventDate "2018.11.01"]
[EventType "swiss"]
[EventRounds "7"]
[EventCountry "CAN"]

1. d4 Nf6 2. c4 e6 3. Nc3 Bb4 4. e3 d5 5. a3 Be7 6. cxd5 exd5 7. b4 Bf5 8. Nge2
O-O 9. Ng3 Bg6 10. Be2 Nbd7 11. f3 Re8 12. e4 dxe4 13. fxe4 Nb6 14. O-O Bf8 15.
Bg5 Qd7 16. Bxf6 gxf6 17. Qd3 Rad8 18. Rad1 c6 19. Qf3 Qe6 20. d5 cxd5 21. Nxd5
Nxd5 22. exd5 Qb6+ 23. Kh1 Re3 24. Qg4 Rxa3 25. h4 Qxb4 26. Rf4 Qc3 27. Bf3 Bd6
28. Ne4 Qe5 29. Nxd6 Rxd6 30. Re4 Qf5 31. Re8+ Kg7 32. Qg3 Rxd5 33. Rc1 Rc5 34.
Rxc5 Qxc5 35. h5 Qxh5+ 36. Bxh5 Rxg3 37. Bf3 Rg5 38. Bxb7 a5 39. Ra8 Bc2 40.
Bc6 Rc5 41. Be8 Be4 42. Ra6 Bd5 43. Kg1 Kf8 44. Ba4 Rc1+ 45. Kh2 Ra1 46. Rxa5
Bc6 47. Bxc6 Rxa5 48. Be4 Ke7 49. Kg3 f5 50. Bb7 Kf6 51. Bc6 Kg5 52. Bb7 Ra3+
53. Kh2 f4 54. Be4 h6 55. Bd5 f6 56. Kg1 h5 57. Kf2 Kg4 58. Be6+ f5 59. Bc4 f3
60. gxf3+ Rxf3+ 61. Kg2 Rg3+ 62. Kf2 h4 63. Be2+ Kf4 0-1

[Event "Scarborough CC Falling Leaves"]
[Site "Toronto CAN"]
[Date "2018.12.06"]
[Round "6.2"]
[White "Lin, Benjamin"]
[Black "Issani, Nameer"]
[Result "1/2-1/2"]
[WhiteElo "2091"]
[BlackElo "2175"]
[PlyCount "43"]
[EventDate "2018.11.01"]
[EventType "swiss"]
[EventRounds "7"]
[EventCountry "CAN"]

1. d4 Nf6 2. c4 e6 3. Nc3 Bb4 4. e3 O-O 5. Bd3 d5 6. a3 Bxc3+ 7. bxc3 Nbd7 8.
Ne2 dxc4 9. Bxc4 b6 10. O-O Bb7 11. f3 c5 12. e4 e5 13. d5 Ne8 14. Ng3 Nd6 15.
Bd3 f6 16. Nf5 Nxf5 17. exf5 Bxd5 18. Be4 Bxe4 19. fxe4 Qc7 20. Rf3 Rad8 21.
Rh3 Rf7 22. Rd3 1/2-1/2

[Event "Scarborough CC Falling Leaves"]
[Site "Toronto CAN"]
[Date "2018.12.06"]
[Round "6.3"]
[White "Tavana, Joseph"]
[Black "Mao, Fengxi"]
[Result "1/2-1/2"]
[WhiteElo "1718"]
[BlackElo "1922"]
[PlyCount "82"]
[EventDate "2018.11.01"]
[EventType "swiss"]
[EventRounds "7"]
[EventCountry "CAN"]

1. c4 Nf6 2. Nf3 e6 3. g3 d5 4. Bg2 dxc4 5. Qa4+ c6 6. Qxc4 b5 7. Qc2 Bb7 8.
O-O Bd6 9. d4 Nbd7 10. Rd1 Qe7 11. Nc3 O-O 12. a3 Rfc8 13. e4 e5 14. dxe5 Nxe5
15. Nxe5 Bxe5 16. f4 Bc7 17. h3 Bb6+ 18. Kh2 a6 19. Qe2 c5 20. e5 Bxg2 21. Qxg2
Ne8 22. Be3 Nc7 23. Qc6 Rab8 24. Rd7 Qe6 25. Qxe6 Nxe6 26. Nd5 Rd8 27. Rxd8+
Nxd8 28. Nxb6 Rxb6 29. Bxc5 Rc6 30. Rd1 Ne6 31. b4 g5 32. Rd6 Rxd6 33. exd6
Nxc5 34. bxc5 Kf8 35. Kg2 a5 36. Kf2 a4 37. Ke2 b4 38. Kd3 gxf4 39. gxf4 b3 40.
f5 Ke8 41. f6 Kd7 1/2-1/2

[Event "Scarborough CC Falling Leaves"]
[Site "Toronto CAN"]
[Date "2018.12.06"]
[Round "6.4"]
[White "Zhao, Jeffrey R"]
[Black "Huang, Youhe"]
[Result "1-0"]
[WhiteElo "1983"]
[BlackElo "1959"]
[PlyCount "77"]
[EventDate "2018.11.01"]
[EventType "swiss"]
[EventRounds "7"]
[EventCountry "CAN"]

1. e4 e5 2. Nf3 Nc6 3. Bc4 Nf6 4. d3 Bc5 5. O-O a6 6. a4 d6 7. c3 Ba7 8. Re1
O-O 9. h3 Na5 10. Ba2 c5 11. Nbd2 Nc6 12. Nf1 b5 13. Bg5 Be6 14. Ng3 h6 15. Bh4
Nb8 16. Nf5 Bxf5 17. Bd5 Be6 18. Bxa8 g5 19. Bg3 Nbd7 20. Bc6 b4 21. Bxd7 Qxd7
22. Qd2 Kh7 23. d4 bxc3 24. bxc3 exd4 25. cxd4 Nh5 26. dxc5 Bxc5 27. Kh2 Nxg3
28. fxg3 g4 29. hxg4 Bxg4 30. Qd3 Kg7 31. Qxa6 Rb8 32. Rab1 Rxb1 33. Rxb1 Qe6
34. Qd3 Qa2 35. Qc3+ Kh7 36. Rb8 Qe2 37. Qh8+ Kg6 38. Rg8+ Kh5 39. Rg5# 1-0

[Event "Scarborough CC Falling Leaves"]
[Site "Toronto CAN"]
[Date "2018.12.06"]
[Round "6.5"]
[White "Noor Ali, Aahil"]
[Black "Laughlin, Steve"]
[Result "0-1"]
[WhiteElo "2025"]
[BlackElo "1969"]
[PlyCount "112"]
[EventDate "2018.11.01"]
[EventType "swiss"]
[EventRounds "7"]
[EventCountry "CAN"]

1. d4 Nf6 2. c4 g6 3. Nc3 Bg7 4. e4 d6 5. f3 O-O 6. Be3 c5 7. Nge2 Nfd7 8. Qd2
e6 9. Nb5 Nb6 10. Nec3 a6 11. dxc5 axb5 12. cxb6 bxc4 13. Nb5 d5 14. Bc5 Na6
15. Bxf8 Bxf8 16. exd5 exd5 17. a3 Qxb6 18. Nc3 Be6 19. Rd1 Nc5 20. Nxd5 Bxd5
21. Qxd5 Re8+ 22. Be2 Nd3+ 23. Rxd3 cxd3 24. Qxd3 Qxb2 25. Qd2 Qxa3 26. O-O
Bc5+ 27. Kh1 Qe3 28. Qxe3 Rxe3 29. Bc4 Kg7 30. g3 b6 31. Kg2 Rc3 32. Bb5 h5 33.
f4 Kh6 34. Be8 Rc2+ 35. Kf3 f5 36. h3 Kg7 37. Ba4 Rh2 38. Bb5 Kf6 39. Be2 h4
40. Bb5 Rxh3 41. Ke2 Rxg3 42. Rh1 h3 43. Kd2 Bg1 44. Bf1 h2 45. Bd3 Rf3 46. Ke2
Rxf4 47. Ba6 g5 48. Bb7 g4 49. Ke1 g3 50. Bg2 Rf2 51. Bc6 g2 52. Rxh2 Rf1+ 53.
Ke2 Bxh2 54. Bxg2 Ra1 55. Kf3 Ra3+ 56. Kf2 Ra2+ 0-1

[Event "Scarborough CC Falling Leaves U1800"]
[Site "Toronto CAN"]
[Date "2018.11.01"]
[Round "1"]
[White "Veecock, Carl"]
[Black "Armstrong, Robert J"]
[Result "0-1"]
[WhiteElo "1066"]
[BlackElo "1574"]
[PlyCount "70"]
[EventDate "2018.11.01"]
[EventType "swiss"]
[EventRounds "7"]
[EventCountry "CAN"]

1. Nf3 g6 2. g3 Bg7 3. Bg2 c5 4. e4 Qb6 5. d3 Bxb2 6. Bxb2 Qxb2 7. Nbd2 Nc6 8.
O-O Nb4 9. Nc4 Qxc2 10. Qxc2 Nxc2 11. Rac1 Nb4 12. Ra1 Nxd3 13. a3 b5 14. Nce5
Nxe5 15. Nxe5 Rb8 16. Nd3 d6 17. e5 Bf5 18. Rad1 Bxd3 19. Rxd3 dxe5 20. Bc6+
Kf8 21. Rd7 a5 22. Rfd1 Kg7 23. Rd8 Rb6 24. Rc8 Nf6 25. Rxh8 Kxh8 26. Rd8+ Kg7
27. Bg2 b4 28. axb4 cxb4 29. Rd1 b3 30. Rb1 b2 31. Bf1 Rb4 32. Bd3 a4 33. Bc2
a3 34. Re1 a2 35. Bb1 a1=Q 0-1

[Event "Scarborough CC Falling Leaves U1800"]
[Site "Toronto CAN"]
[Date "2018.11.08"]
[Round "2"]
[White "Armstrong, Robert J"]
[Black "Granic, Luka"]
[Result "1-0"]
[WhiteElo "1574"]
[BlackElo "1355"]
[PlyCount "68"]
[EventDate "2018.11.01"]
[EventType "swiss"]
[EventRounds "7"]
[EventCountry "CAN"]

1. d4 d5 2. Nf3 Nc6 3. e3 Bf5 4. c4 Nf6 5. Bd3 Bg6 6. Ne5 Nxe5 7. dxe5 Nd7 8.
Bxg6 hxg6 9. e6 fxe6 10. cxd5 Nb6 11. dxe6 Qxd1+ 12. Kxd1 O-O-O+ 13. Ke2 Rd6
14. h3 Rxe6 15. Nc3 g5 16. Bd2 g6 17. Nb5 a6 18. Nd4 Rd6 19. Rac1 Bg7 20. Bb4
Rd7 21. Rhd1 Rh4 22. Bc3 Rd6 23. Nf3 Rh7 24. Rxd6 exd6 25. Nxg5 Rh5 26. Ne6
Bxc3 27. Rxc3 Rh7 28. Nf4 Rg7 29. h4 g5 30. Ne6 Nd5 31. Nxg7 Nxc3+ 32. bxc3
gxh4 33. Nf5 Kd7 34. Nxh4 Ke6 1-0

[Event "Scarborough CC Falling Leaves U1800"]
[Site "Toronto CAN"]
[Date "2018.11.15"]
[Round "3"]
[White "Uthayakumar, Ronan"]
[Black "Armstrong, Robert J"]
[Result "0-1"]
[WhiteElo "1699"]
[BlackElo "1574"]
[PlyCount "74"]
[EventDate "2018.11.01"]
[EventType "swiss"]
[EventRounds "7"]
[EventCountry "CAN"]

1. e4 g6 2. d4 Bg7 3. Nc3 d6 4. Be3 Nf6 5. f3 a6 6. Qd2 b5 7. h4 h5 8. O-O-O
Bd7 9. e5 b4 10. exf6 bxc3 11. Qxc3 Bxf6 12. Bc4 e6 13. g4 Bxh4 14. Qd2 hxg4
15. fxg4 Bf6 16. Nf3 Bb5 17. Bxb5+ axb5 18. Rxh8+ Bxh8 19. Rh1 Kd7 20. Rh7 Qg8
21. Ng5 Bg7 22. d5 Rxa2 23. dxe6+ fxe6 24. Qc3 Qxh7 25. Nxh7 Bxc3 26. bxc3 Ke7
27. Bg5+ Kf7 28. Bd8 Ra7 29. Ng5+ Kg8 30. Nxe6 Na6 31. Nf4 Kf7 32. g5 c6 33.
Bf6 Nc5 34. Bd4 Ra1+ 35. Kb2 Rf1 36. Bxc5 dxc5 37. Nd3 Rf5 0-1

[Event "Scarborough CC Falling Leaves U1800"]
[Site "Toronto CAN"]
[Date "2018.11.29"]
[Round "5"]
[White "Armstrong, Robert J"]
[Black "Paterson, Jim"]
[Result "1/2-1/2"]
[WhiteElo "1574"]
[BlackElo "1505"]
[PlyCount "44"]
[EventDate "2018.11.01"]
[EventType "swiss"]
[EventRounds "7"]
[EventCountry "CAN"]

1. d4 e6 2. c4 Nf6 3. Nf3 d5 4. e3 c5 5. Nc3 cxd4 6. exd4 Nc6 7. a3 dxc4 8.
Bxc4 Be7 9. b4 a6 10. Bb2 b5 11. Ba2 Bb7 12. d5 exd5 13. Nxd5 O-O 14. O-O Nxd5
15. Qxd5 Bf6 16. Qb3 Bxb2 17. Qxb2 Ne7 18. Rad1 Qc7 19. Ne5 Ng6 20. Rd7 Qxe5
21. Qxe5 Nxe5 22. Rxb7 Rfb8 1/2-1/2

[Event "Scarborough CC Falling Leaves U1800"]
[Site "Toronto CAN"]
[Date "2018.12.13"]
[Round "7"]
[White "Xiao, Edward"]
[Black "Armstrong, Robert J"]
[Result "1/2-1/2"]
[WhiteElo "1554"]
[BlackElo "1574"]
[PlyCount "49"]
[EventDate "2018.11.01"]
[EventType "swiss"]
[EventRounds "7"]
[EventCountry "CAN"]

1. d4 f5 2. c4 Nf6 3. Nc3 e6 4. Nf3 Ne4 5. Qc2 Bb4 6. a3 Bxc3+ 7. bxc3 O-O 8.
Bf4 d6 9. e3 b6 10. d5 Bb7 11. Rd1 Nd7 12. dxe6 Ndc5 13. Nd4 Qe8 14. f3 Nf6 15.
e7 Qxe7 16. Nxf5 Qf7 17. Bg3 Rae8 18. Bd3 Nxd3+ 19. Qxd3 Nd7 20. Bxd6 Qxf5 21.
Bxf8 Qxd3 22. Rxd3 Nxf8 23. Kf2 c5 24. Rb1 Ba6 25. Rd6 1/2-1/2

[Event "Scarborough CC Howard Ridout"]
[Site "Toronto CAN"]
[Date "2018.09.13"]
[Round "1.1"]
[White "Xu, Jeffrey"]
[Black "Ajith, Aayush"]
[Result "1-0"]
[WhiteElo "2245"]
[BlackElo "1922"]
[PlyCount "77"]
[EventDate "2018.09.13"]
[EventType "swiss"]
[EventRounds "7"]
[EventCountry "CAN"]

1. Na3 d5 2. c3 e5 3. g3 Nf6 4. Bg2 c6 5. Nc2 Be6 6. d3 Bd6 7. Nf3 h6 8. O-O
O-O 9. Nd2 Qc7 10. d4 e4 11. f3 exf3 12. Bxf3 Bh3 13. Bg2 Bxg2 14. Kxg2 Nbd7
15. Ne3 g6 16. Nf3 Kg7 17. c4 b6 18. Rb1 Rae8 19. b4 Qb7 20. Qd3 Re4 21. c5 Bc7
22. Nd1 b5 23. a4 a6 24. Nc3 Re6 25. Nd2 Rfe8 26. Re1 Re3 27. Qc2 Ng4 28. Nf1
R3e6 29. e4 dxe4 30. Rxe4 f5 31. Rxe6 Rxe6 32. axb5 axb5 33. Qd2 g5 34. h3 Ngf6
35. Ne3 Kg6 36. Nxf5 Ne4 37. Nxe4 Rxe4 38. Nxh6 Bd8 39. Ng4 1-0

[Event "Scarborough CC Howard Ridout"]
[Site "Toronto CAN"]
[Date "2018.09.13"]
[Round "1.2"]
[White "Zhao, Jeffrey R"]
[Black "Southam, David"]
[Result "0-1"]
[WhiteElo "1906"]
[BlackElo "2083"]
[PlyCount "48"]
[EventDate "2018.09.13"]
[EventType "swiss"]
[EventRounds "7"]
[EventCountry "CAN"]

1. e4 e6 2. d4 d5 3. Nc3 Bb4 4. e5 c5 5. a3 Bxc3+ 6. bxc3 Qc7 7. Qg4 f5 8. Qg3
cxd4 9. cxd4 Ne7 10. Bd2 O-O 11. Bd3 b6 12. Ne2 Ba6 13. O-O Bxd3 14. cxd3 Nbc6
15. Rfc1 Qd7 16. Bh6 Ng6 17. Bf4 Rac8 18. Qe3 Na5 19. Rc3 Rxc3 20. Nxc3 Rc8 21.
Rc1 Nb3 22. Rc2 Rc6 23. g3 Qc8 24. Qe1 Nxd4 0-1

[Event "Scarborough CC Howard Ridout"]
[Site "Toronto CAN"]
[Date "2018.09.13"]
[Round "1.3"]
[White "Palacios, Bobby"]
[Black "Huang, Youhe"]
[Result "1-0"]
[WhiteElo "2065"]
[BlackElo "1869"]
[PlyCount "111"]
[EventDate "2018.09.13"]
[EventType "swiss"]
[EventRounds "7"]
[EventCountry "CAN"]

1. d4 Nf6 2. c4 g6 3. Nc3 Bg7 4. e4 d6 5. Nf3 O-O 6. Be2 e5 7. O-O Nc6 8. d5
Ne7 9. b4 Nd7 10. Ba3 a5 11. bxa5 Rxa5 12. Bb4 Ra8 13. a4 f5 14. Ng5 Nb8 15. c5
dxc5 16. Bxc5 b6 17. Ba3 c5 18. dxc6 Qxd1 19. Rfxd1 Bf6 20. Bc4+ Kg7 21. Ne6+
Bxe6 22. Bxe6 Nbxc6 23. Nd5 Nd4 24. Rxd4 exd4 25. Bxe7 Bxe7 26. Nxe7 fxe4 27.
Nc6 b5 28. a5 Ra6 29. Bd7 e3 30. Nxd4 exf2+ 31. Kf1 Rfa8 32. Nb3 Rd6 33. Bxb5
Rb8 34. Bc4 Rb4 35. a6 Rd8 36. Nc5 Rc8 37. Ne6+ Kf6 38. Bd5 Ke5 39. Bb7 Rb8 40.
Nc5 Kd4 41. a7 Re8 42. Ne6+ Ke5 43. Nc7 Rd8 44. a8=Q Rxa8 45. Bxa8 Rc4 46. Nb5
Rc2 47. Bf3 Kf4 48. Be2 g5 49. Kxf2 h5 50. Nd4 Rd2 51. Ra4 Rb2 52. Ne6+ Kf5 53.
Nd4+ Kf6 54. Ke3 Rb8 55. Ra6+ Ke5 56. Nc6+ 1-0

[Event "Scarborough CC Howard Ridout"]
[Site "Toronto CAN"]
[Date "2018.09.13"]
[Round "1.4"]
[White "Sivapathasundaram, Manojh"]
[Black "Hay, Jonathan"]
[Result "1/2-1/2"]
[WhiteElo "1860"]
[BlackElo "2054"]
[PlyCount "62"]
[EventDate "2018.09.13"]
[EventType "swiss"]
[EventRounds "7"]
[EventCountry "CAN"]

1. d4 d5 2. c4 c6 3. Nc3 Nf6 4. Nf3 dxc4 5. a4 Bf5 6. e3 e6 7. Bxc4 Bb4 8. O-O
Nbd7 9. Bd3 Bxd3 10. Qxd3 O-O 11. e4 Bxc3 12. bxc3 Nc5 13. Qc2 Ncxe4 14. Re1
Nd6 15. Rb1 h6 16. c4 Qc8 17. Ba3 Rd8 18. Qb3 Rb8 19. Bc5 b6 20. Bxd6 Rxd6 21.
c5 Rd5 22. cxb6 axb6 23. Re5 Qa6 24. Rxd5 cxd5 25. Ne5 Ra8 26. Qxb6 Qxb6 27.
Rxb6 Rxa4 28. f3 Ra8 29. Rb7 Rf8 30. Kf2 Nh5 31. g3 Nf6 1/2-1/2

[Event "Scarborough CC Howard Ridout"]
[Site "Toronto CAN"]
[Date "2018.09.13"]
[Round "1.5"]
[White "Laughlin, Steve"]
[Black "Mao, Fengxi"]
[Result "0-1"]
[WhiteElo "2006"]
[BlackElo "1842"]
[PlyCount "120"]
[EventDate "2018.09.13"]
[EventType "swiss"]
[EventRounds "7"]
[EventCountry "CAN"]

1. d4 Nf6 2. c4 e6 3. Nc3 Bb4 4. Qc2 c5 5. e3 Nc6 6. Nf3 cxd4 7. exd4 d5 8. Bd2
O-O 9. a3 Be7 10. c5 e5 11. dxe5 d4 12. Na4 Ng4 13. Bd3 Ngxe5 14. Nxe5 Nxe5 15.
Bxh7+ Kh8 16. Bd3 Bd7 17. Be4 f5 18. Bxb7 Bxa4 19. Qxa4 Nd3+ 20. Kf1 Nxc5 21.
Qc6 Rb8 22. Rc1 Nxb7 23. Bf4 Bd6 24. Bd2 Qe8 25. Qf3 Qe4 26. Qh3+ Kg8 27. Qb3+
Rf7 28. f3 Qe5 29. Re1 Nc5 30. Qc4 Qf6 31. b4 Nb7 32. Re6 Qd8 33. Qxd4 Bf8 34.
Qe3 Nd6 35. Qf4 Qd7 36. Re2 Rc8 37. Kf2 Ne4+ 38. Ke1 Bd6 39. Qe3 Nxd2 40. Qxd2
Re8 41. Rxe8+ Qxe8+ 42. Kf2 Qd8 43. Rd1 Qh4+ 44. Kf1 Bxh2 45. Qa2 Bg3 46. Rd2
Qh1+ 47. Ke2 Qxg2+ 48. Ke3 Qg1+ 49. Kd3 Kf8 50. Kc2 Qb6 51. Qd5 Rc7+ 52. Kb2
Qf6+ 53. Kb1 Bf4 54. Re2 Rc1+ 55. Ka2 Qa1+ 56. Kb3 Rc3+ 57. Ka4 Qxa3+ 58. Kb5
a6+ 59. Kb6 Qxb4+ 60. Ka7 Qb8+ 0-1

[Event "Scarborough CC Howard Ridout"]
[Site "Toronto CAN"]
[Date "2018.09.13"]
[Round "1.6"]
[White "Wang, Thomas"]
[Black "Ning, Eric"]
[Result "0-1"]
[WhiteElo "1811"]
[BlackElo "1942"]
[PlyCount "92"]
[EventDate "2018.09.13"]
[EventType "swiss"]
[EventRounds "7"]
[EventCountry "CAN"]

1. e4 c5 2. Nf3 Nc6 3. Bb5 g6 4. O-O Bg7 5. c3 e5 6. Na3 Nge7 7. Nc4 d6 8. Ne3
O-O 9. d3 d5 10. Bxc6 bxc6 11. Qc2 f5 12. g3 fxe4 13. Ng5 exd3 14. Qd1 h6 15.
Nf3 d4 16. cxd4 cxd4 17. Nc4 Qd5 18. Nfd2 Bh3 19. f3 Bxf1 20. Qxf1 Nf5 21. Qxd3
h5 22. Ne4 Bh6 23. Bxh6 Nxh6 24. Re1 Kg7 25. Ng5 Rf5 26. f4 exf4 27. gxf4 Nf7
28. Ne6+ Kh6 29. Nc7 Qd8 30. Nxa8 Rxf4 31. Qd2 Qg5+ 32. Kh1 Qd5+ 33. Kg1 g5 34.
Ne3 Qd8 35. Ng2 Rf6 36. Nc7 Qxc7 37. Qxd4 Qb6 38. Qxb6 axb6 39. Ne3 Kg6 40. Nc4
b5 41. Ne5+ Nxe5 42. Rxe5 Rd6 43. Kf1 Rd1+ 44. Re1 Rxe1+ 45. Kxe1 Kf5 46. a3
Ke4 0-1

[Event "Scarborough CC Howard Ridout"]
[Site "Toronto CAN"]
[Date "2018.09.13"]
[Round "1.7"]
[White "Gao, Raymond"]
[Black "Tavana, Joseph"]
[Result "1-0"]
[WhiteElo "1928"]
[BlackElo "1735"]
[PlyCount "95"]
[EventDate "2018.09.13"]
[EventType "swiss"]
[EventRounds "7"]
[EventCountry "CAN"]

1. e4 c5 2. Nf3 g6 3. c3 d5 4. e5 Bg7 5. d4 Bg4 6. Be2 Bxf3 7. Bxf3 e6 8. Bf4
cxd4 9. cxd4 Ne7 10. Qd2 Qb6 11. Nc3 Nbc6 12. Rd1 Nf5 13. Ne2 O-O 14. h4 Qb4
15. g4 Nfxd4 16. Nxd4 Nxd4 17. Qxb4 Nc2+ 18. Kd2 Nxb4 19. a3 Nc6 20. Rhe1 h6
21. Re3 a5 22. Be2 Rfc8 23. Bg3 Nd4 24. f4 Nxe2 25. Kxe2 Rc2+ 26. Rd2 Rac8 27.
Rb3 R2c7 28. Rb5 Ra8 29. f5 gxf5 30. gxf5 h5 31. Kf3 a4 32. f6 Bf8 33. Bf4 Kh7
34. Rg2 Rb8 35. Rg5 Rc4 36. Rxh5+ Kg6 37. Rg5+ Kh7 38. Rg2 d4 39. Bd2 d3 40. h5
Rh4 41. Ke3 Rxh5 42. Kxd3 Rd8+ 43. Kc2 Rc8+ 44. Kd3 Rd8+ 45. Ke2 Rd5 46. Rxb7
Rhxe5+ 47. Be3 Bc5 48. Rg7+ 1-0

[Event "Scarborough CC Howard Ridout"]
[Site "Toronto CAN"]
[Date "2018.09.13"]
[Round "1.8"]
[White "Xie, Austin"]
[Black "Lei, Sean"]
[Result "0-1"]
[WhiteElo "1703"]
[BlackElo "2159"]
[PlyCount "58"]
[EventDate "2018.09.13"]
[EventType "swiss"]
[EventRounds "7"]
[EventCountry "CAN"]

1. e4 c5 2. Nc3 Nc6 3. f4 g6 4. Nf3 Bg7 5. g3 d6 6. Bg2 e6 7. d3 Nge7 8. O-O a6
9. Ne2 b5 10. c3 O-O 11. Nh4 Qc7 12. g4 f5 13. Ng3 Bf6 14. g5 Bg7 15. exf5 exf5
16. Nf3 Be6 17. h4 b4 18. Bd2 d5 19. h5 bxc3 20. bxc3 d4 21. c4 Rab8 22. Nh4
Nb4 23. Qe2 Bf7 24. Kh2 Rfe8 25. hxg6 hxg6 26. a3 Nc2 27. Ra2 Nd5 28. Qf2 Nde3
29. Re1 Ng4+ 0-1

[Event "Scarborough CC Howard Ridout"]
[Site "Toronto CAN"]
[Date "2018.09.20"]
[Round "2.1"]
[White "Ning, Eric"]
[Black "Xu, Jeffrey"]
[Result "0-1"]
[WhiteElo "1942"]
[BlackElo "2245"]
[PlyCount "82"]
[EventDate "2018.09.13"]
[EventType "swiss"]
[EventRounds "7"]
[EventCountry "CAN"]

1. d4 c5 2. d5 e6 3. e4 exd5 4. exd5 d6 5. Nc3 Be7 6. Be2 Nf6 7. Nf3 O-O 8. O-O
Na6 9. h3 Nc7 10. Bf4 h6 11. a4 Bf5 12. Re1 Re8 13. Bf1 Qd7 14. Qd2 Bf8 15. Re2
Ne4 16. Nxe4 Bxe4 17. c4 Bxf3 18. gxf3 Rxe2 19. Qxe2 Qf5 20. Bg3 Qf6 21. Bg2
Re8 22. Qd2 g6 23. Ra3 h5 24. Re3 h4 25. Bh2 Kh7 26. Qa5 Rxe3 27. fxe3 Ne8 28.
Qd2 Bg7 29. b3 Qa1+ 30. Kf2 Bc3 31. Qe2 Qb1 32. Bf4 Qxb3 33. Bg5 Bf6 34. Bxf6
Nxf6 35. a5 Qc3 36. Qa2 Kg7 37. Bf1 Nh5 38. Qb1 Ng3 39. Bd3 Qd2+ 40. Kg1 Qxe3+
41. Kg2 Nh5 0-1

[Event "Scarborough CC Howard Ridout"]
[Site "Toronto CAN"]
[Date "2018.09.20"]
[Round "2.2"]
[White "Southam, David"]
[Black "Xie, Austin"]
[Result "1-0"]
[WhiteElo "2083"]
[BlackElo "1703"]
[PlyCount "99"]
[EventDate "2018.09.13"]
[EventType "swiss"]
[EventRounds "7"]
[EventCountry "CAN"]

1. d4 d5 2. c4 e6 3. Nf3 Nf6 4. g3 c6 5. Nbd2 Nbd7 6. Bg2 Bd6 7. O-O O-O 8. b3
Re8 9. Bb2 Nf8 10. Qc2 Ng6 11. e4 dxe4 12. Nxe4 Nxe4 13. Qxe4 Qd7 14. Rad1 f6
15. Ne5 Bxe5 16. dxe5 Qe7 17. Rd2 f5 18. Qe3 Bd7 19. Rd6 Red8 20. Rfd1 Nf8 21.
Ba3 Qf7 22. R6d3 Ng6 23. f4 Rac8 24. Qd2 Rc7 25. Bd6 Rcc8 26. Bc5 b6 27. Bxb6
axb6 28. Rxd7 Rxd7 29. Qxd7 Rc7 30. Qxf7+ Kxf7 31. Kf2 Ne7 32. Ke3 Ra7 33. Rd2
Ra3 34. Kd4 c5+ 35. Kc3 h6 36. Kb2 Ra6 37. Rd6 Nc8 38. Rd7+ Ne7 39. Rb7 g5 40.
Bf3 Kf8 41. Rb8+ Kg7 42. Bh5 gxf4 43. gxf4 Nc6 44. Rb7+ Kh8 45. a3 Nd4 46. b4
Kg8 47. Bd1 cxb4 48. axb4 Kf8 49. b5 Ra5 50. Rxb6 1-0

[Event "Scarborough CC Howard Ridout"]
[Site "Toronto CAN"]
[Date "2018.09.20"]
[Round "2.3"]
[White "Mao, Fengxi"]
[Black "Palacios, Bobby"]
[Result "1/2-1/2"]
[WhiteElo "1842"]
[BlackElo "2065"]
[PlyCount "39"]
[EventDate "2018.09.13"]
[EventType "swiss"]
[EventRounds "7"]
[EventCountry "CAN"]

1. e4 e5 2. Nf3 Nc6 3. Bb5 a6 4. Ba4 Nf6 5. O-O Nxe4 6. d4 b5 7. Bb3 d5 8. dxe5
Be6 9. c3 Bc5 10. Nbd2 O-O 11. Qe2 Nxd2 12. Bxd2 Bg4 13. Rfe1 Re8 14. Bf4 Ne7
15. h3 Ng6 16. Bh2 Be6 17. Rad1 c6 18. Nd4 Bxd4 19. cxd4 Qg5 20. Qe3 1/2-1/2

[Event "Scarborough CC Howard Ridout"]
[Site "Toronto CAN"]
[Date "2018.09.20"]
[Round "2.4"]
[White "Hay, Jonathan"]
[Black "Laughlin, Steve"]
[Result "1-0"]
[WhiteElo "2054"]
[BlackElo "2006"]
[PlyCount "99"]
[EventDate "2018.09.13"]
[EventType "swiss"]
[EventRounds "7"]
[EventCountry "CAN"]

1. d4 Nf6 2. Bf4 d6 3. Nc3 g6 4. e4 Bg7 5. Qd2 h6 6. O-O-O Nbd7 7. Be2 b5 8.
Bxb5 Bb7 9. f3 c6 10. Bc4 Nb6 11. Bd3 Nfd7 12. Nge2 c5 13. dxc5 Nxc5 14. Bb5+
Kf8 15. e5 a6 16. exd6 e5 17. Be3 Ne6 18. Ba4 Nc4 19. Qd3 Nxe3 20. Qxe3 Bf6 21.
Kb1 Rb8 22. Ne4 Bxe4 23. fxe4 Nd4 24. c3 Qb6 25. b3 Bg5 26. Qf2 Nxe2 27. Qxe2
Qa5 28. Qc4 Kg7 29. Rhf1 Rhf8 30. Rd5 Qb6 31. Qc5 Qd8 32. Qc7 Qxc7 33. dxc7
Rbc8 34. Rd7 Be3 35. Bc6 Bb6 36. Bb7 Rxc7 37. Rxc7 Bxc7 38. Bxa6 f5 39. Bd3 f4
40. Kc2 g5 41. Be2 Kg6 42. Rd1 Rf7 43. a4 h5 44. h3 Rf6 45. Rd7 Bb6 46. Re7 Rc6
47. Bb5 Rd6 48. Rxe5 Be3 49. Rd5 Re6 50. Be2 1-0

[Event "Scarborough CC Howard Ridout"]
[Site "Toronto CAN"]
[Date "2018.09.20"]
[Round "2.6"]
[White "Tavana, Joseph"]
[Black "Zhao, Jeffrey R"]
[Result "0-1"]
[WhiteElo "1735"]
[BlackElo "1906"]
[PlyCount "48"]
[EventDate "2018.09.13"]
[EventType "swiss"]
[EventRounds "7"]
[EventCountry "CAN"]

1. d4 Nf6 2. e3 g6 3. Bd3 Bg7 4. Nf3 d6 5. b3 e5 6. dxe5 dxe5 7. e4 Bg4 8. Ba3
Bf8 9. Bxf8 Kxf8 10. h3 Bxf3 11. Qxf3 Kg7 12. O-O Nc6 13. c3 Qe7 14. Bb5 Qc5
15. Bxc6 Qxc6 16. Nd2 Rad8 17. Rad1 Rd6 18. Nc4 Rxd1 19. Rxd1 Qxe4 20. Qxe4
Nxe4 21. Rd7 Rc8 22. Nxe5 Kf6 23. f4 Nd6 24. c4 Ke6 0-1

[Event "Scarborough CC Howard Ridout"]
[Site "Toronto CAN"]
[Date "2018.09.20"]
[Round "2.7"]
[White "Huang, Youhe"]
[Black "Wang, Thomas"]
[Result "1-0"]
[WhiteElo "1869"]
[BlackElo "1811"]
[PlyCount "61"]
[EventDate "2018.09.13"]
[EventType "swiss"]
[EventRounds "7"]
[EventCountry "CAN"]

1. e4 e5 2. Nf3 Nc6 3. Bc4 Bc5 4. b4 Bxb4 5. c3 Be7 6. d4 d6 7. dxe5 Nxe5 8.
Nxe5 dxe5 9. Qh5 g6 10. Qxe5 f6 11. Qb5+ Kf8 12. Qb3 Kg7 13. O-O c6 14. Rd1 Qc7
15. Ba3 Nh6 16. Bxe7 Qxe7 17. Nd2 Rd8 18. Nf3 Rxd1+ 19. Rxd1 Qxe4 20. Re1 Qf4
21. Re7+ Kh8 22. Re8+ Kg7 23. Qa3 c5 24. Qxc5 Qc1+ 25. Ne1 g5 26. Qe7+ Kg6 27.
Rh8 Be6 28. Qxh7+ Kh5 29. Qxh6+ Kg4 30. Bxe6+ f5 31. Qh3+ 1-0